000 00673nam a22001817a 4500
003 UA-OsUOA
001 16083
007 ta
008 20031219b un ||||| |||| 00| 0 ukr d
100 _aМельничук Л.
942 _cSA
040 _aUA-OsUOA
_cUA-OsUOA
_dUA-OsUOA
245 _aЦінують москвичі острозькі сири
_b[Розповідь дир. Остроз. молокозаводу Л.Мельничук про роботу цього п-ва]/ М.Терешко
300 _aС.1
955 _a0
773 0 _w0
_tВісті Рівненщини
_dРівне
_d2003
_g№100/3 груд./
650 7 _aКраєзнавча робота
_2UDC
999 _c302248
_d302248